000 00401nam a2200157Ia 4500
008 230917s9999||||xx |||||||||||||| ||und||
040 _e106049
_aMAIN
041 _aEnglish
082 _a346.03 S92L
100 _aShukla, M N
245 0 _aLaw of torts and consumer protection act
250 _a17th ed.
260 _aAllahabad
_bCentral Law Agency
_c2004
300 _a322 p. + 112
942 _cBK
999 _c121353
_d121353